| 000 | 00918cam a2200301 i 4500 | ||
|---|---|---|---|
| 001 | 15356310 | ||
| 003 | EG-ScBUE | ||
| 005 | 20230110093740.0 | ||
| 008 | 080707s2009 enka f 001 0 eng d | ||
| 020 | _a9781405139533 (pbk. : alk. paper) | ||
| 020 | _a1405139536 (pbk. : alk. paper) | ||
| 040 |
_aEG-ScBUE _beng _erda _cEG-ScBUE _dEG-ScBUE |
||
| 082 | 0 | 4 |
_a746.920688 _222 _bFAS |
| 245 | 0 | 0 |
_aFashion marketing / _cedited by Mike Easey. |
| 250 | _aThird edition. | ||
| 264 | 1 |
_aOxford : _bWiley-Blackwell, _c2009. |
|
| 300 |
_axvi, 260 pages : _billustrations ; _c25 cm |
||
| 336 |
_2rdacontent _atext _btxt |
||
| 337 |
_2rdamedia _aunmediated _bn |
||
| 338 |
_2rdacarrier _avolume _bnc |
||
| 500 | _aIncludes index. | ||
| 650 | 7 |
_aFashion merchandising. _2BUEsh _932994 |
|
| 651 | _2BUEsh | ||
| 653 |
_cApril2013 _bART |
||
| 655 | _vReading book | ||
| 700 | 1 |
_aEasey, Mike, _eeditor. _933137 |
|
| 942 |
_2ddc _cBB |
||
| 999 |
_c17443 _d17415 |
||